000 00537nam a2200217Ia 4500
003 OSt
005 20220928141146.0
006 a|||||r|||| 00| 0
007 ta
008 220927b |||||||| |||| 00| 0 eng d
024 _a13962
037 _cTextual
040 _aSDCL
_cSDCL
_beng
041 _2eng
_aeng
082 _aO-944,3N13,3, M2
100 _aMangolkar Manohar
_9499310
245 0 _aSea hawk.
260 _c1982
942 _hO-944,3N13,3, M2
_cTEXL
_2CC
999 _c816371
_d816371